Fiscal dimensions of sustainable development prepared for World summit on sustainable development

Saved in:
Bibliographic Details
Other Authors: Gupta, Sanjeev
Format: Book
Language:English
Published: Washington International Monetary Fund 2002
Series:Pamphlet series no. 54
Subjects:
Tags: Add Tag
No Tags, Be the first to tag this record!

MARC

LEADER 00000nam a2200000 4500
001 c139651
005 20221124092042.8
020 |a 1-58906-159-4 
022 |a 0538-8759 
041 0 |a eng 
044 |a US 
245 1 0 |a Fiscal dimensions of sustainable development  |b prepared for World summit on sustainable development  |c prepared by Sanjeev Gupta ... et al. 
264 1 |a Washington  |b International Monetary Fund  |c 2002 
300 |a v, 33 s. 
490 1 |a Pamphlet series  |v no. 54 
830 0 |a Pamphlet series  |v no. 54 
610 2 0 |a rozvoj trvalo udržateľný 
610 2 0 |a politika fiškálna 
610 2 0 |a politika environmentálna 
610 2 0 |a prostredie životné 
610 2 0 |a spolupráca medzinárodná 
610 2 0 |a Medzinárodný menový fond 
700 1 |a Gupta, Sanjeev